Don't Get Whammied by the US States - Statistics

General Stats
  • This quiz has been taken 101 times
  • The average score is 9 of 16
Answer Stats
Clue State % Correct
Its capital is Austin Texas
99%
Is part of Oceania Hawaii
94%
Shares its name with a great lake Michigan
90%
The first official state Delaware
80%
Home to the Liberty Bell Pennsylvania
79%
Has the most electoral votes California
77%
The tallest peak in North America is here Alaska
71%
Setting of Family Guy Rhode Island
45%
The Trail of Tears ended here Oklahoma
43%
Its "hanging chads" caused a conundrum in the 2000 election Florida
39%
Its flag is non-rectangular Ohio
39%
Monopoly drew inspiration from a city in this state New Jersey
38%
First to allow women to vote Wyoming
37%
The Centennial State Colorado
33%
The Missouri and Mississippi Rivers form most of its eastern & western borders Iowa
30%
Its Mount Washington is windy New Hampshire
27%
No matching quizzes found
Score Distribution
Percent of People with Each Score
Percentile by Number Answered
Your Score History
You have not taken this quiz